000 00492nam a2200181Ia 4500
005 20250326125132.0
008 250326s9999 xx 000 0 und d
037 _aTextbook
040 _aFMSL
_beng
_cFMSL
041 _aeng
_2eng
084 _aX:97B K1
_qFMSL
100 _aNewcomb R
_9738536
245 0 _aEmployee communications in action
_cNewcomb R; Sammons M
260 _aNY
_bNY, Harper
_c1961
300 _a337p
942 _cTB
_hX:97B K1
999 _c1276694
_d1276694